书目信息 |
| 书名: | Lacrosse | |
| 作者: | Roberts, M. B.; Modra, Ronald C | |
| 分册号: | ||
| 分册名: | 出版地: | NEW YORK |
|
| 出版社: | Sterling Publications Co Inc | |
| 出版时间: | 2007.11 | |
| 页数: | 230p | |
| 开本: | 23cm | |
| 丛书名: | ||
| 中图分类号: | ||
| 科图分类号: | ||
| 其他分类号: | G849.1 | |
| 主题词: | ||
| 电子资源: | ||
| 000 | 00397nam0 2200133 450 | |
| 001 | 202012000448 | |
| 005 | 20121107104201.0 | |
| 008 | 12102001s | |
| 020 | @a9781402741302@c$17.95 | |
| 099 | @dG849.1@eR5431 | |
| 245 | @aLacrosse @cRoberts, M. B.; Modra, Ronald C | |
| 260 | 0 | @aNEW YORK@bSterling Publications Co Inc @c2007.11 |
| 300 | @a230p@c23cm | |
| 905 | @aTSG@b7915-6@dG849.1@eR5431 | |
| Lacrosse / Roberts, M. B.; Modra, Ronald C.-NEW YORK : Sterling Publications Co Inc , 2007.11 |
| 230p ; 23cm |
| ISBN 9781402741302$17.95 |
| ● |
| 相关链接 |
|
|
|
正题名:Lacrosse
索取号:G849.1/R5431
 
预约/预借
| 序号 | 登录号 | 条形码 | 馆藏地/架位号 | 状态 | 备注 |
| 1 | 7915 | 300079153 | 社科库409/409社科库 119排4列4层/ [索取号:G849.1/R5431] | 在馆 | |
| 2 | 7916 | 300079162 | 社科库409/409社科库 119排4列4层/ [索取号:G849.1/R5431] | 在馆 |